Normal view
MARC view
Entry Topical Term
001 - CONTROL NUMBER
- control field: 2015
003 - CONTROL NUMBER IDENTIFIER
- control field: NLI
005 - DATE AND TIME OF LATEST TRANSACTION
- control field: 20210226112216.0
008 - FIXED-LENGTH DATA ELEMENTS
- fixed length control field: 210226|| aca||aabn | a|a d
040 ## - CATALOGING SOURCE
- Original cataloging agency: NLI
- Transcribing agency: NLI
150 ## - HEADING--TOPICAL TERM
- Topical term or geographic name entry element: Structural dynamics
670 ## - SOURCE DATA FOUND
- Source citation: Work cat.: (NLI)1453: 880-01, Determination of strouhal characteristics and power spectrum for elastically restrained H-Shape sections : Final report, 1977
